Les boulistes avec le plus de victoires au Mondial La Marseillaise - Statistiques

Statistiques générales
  • Ce quiz a été pris 13 fois
  • Le résultat moyen est 3 sur 11
Statistiques - réponses
Victoires Années Bouliste % Correct
4 2010, 2012, 2013, 2017 Dylan Rocher
92%
4 1997, 2004, 2005, 2009 Philippe Quintais
67%
6 1974, 1975, 1976, 1983, 1984, 2002 Jean-Marc Foyot
33%
5 2007, 2010, 2012, 2013, 2017 Stéphane Robineau
25%
7 1964, 1966, 1971, 1979, 1982, 1985, 1990 Albert Pisapia
17%
6 2006, 2010, 2012, 2013, 2018, 2022 Antoine Dubois
17%
4 1965, 1966, 1969, 1977 Charles Simon
8%
4 1964, 1966, 1969, 1977 François Besse
8%
6 1968, 1972, 1980, 1981, 1983, 1984 Jean Kokoyan
8%
4 1980, 1981, 1983, 1984 René Lucchesi
8%
4 1931, 1937, 1945, 1965 Marius Ghilardi
0%
Aucun quiz correspondant
Distribution des résultats
% des personnes avec chaque résultat
Percentile par nombre de réponses
Votre historique - résultats
Vous n’avez pas pris ce quiz